[Event "Niksic op"]
[Site "Niksic"]
[Date "2024.07.25"]
[Round "5"]
[White "Pekic, Momcilo"]
[Black "Milovic, Ilija"]
[Result "1/2-1/2"]
[WhiteElo "1832"]
[BlackElo "1912"]
[PlyCount "62"]
[EventDate "2024.07.23"]
[EventType "swiss"]
[EventRounds "5"]
[EventCountry "MNE"]
[SourceTitle "CBM 221 Extra"]
[Source "ChessBase"]
[SourceDate "2024.09.30"]
[SourceVersion "1"]
[SourceVersionDate "2024.09.30"]
[SourceQuality "1"]

1. e4 e6 2. d4 d5 3. exd5 exd5 4. Nf3 Bd6 5. Bd3 Nf6 6. 0-0 0-0 7. Bg5 Bg4 8. h3 Bh5 9. Nbd2 Nbd7 10. c3 c6 11. Re1 Qc7 12. Qc2 Rfe8 13. Rxe8+ Rxe8 14. Re1 Rxe1+ 15. Nxe1 Bf4 16. Bxf4 Qxf4 17. Nf1 Ne4 18. Bxe4 dxe4 19. Qd2 Qd6 20. Qg5 Nf6 21. Ne3 Bg6 22. N1c2 h6 23. Qa5 a6 24. Nf5 Qd7 25. Nce3 Nd5 26. Nxd5 Bxf5 27. Ne3 Be6 28. Qe5 Bxa2 29. Qxe4 Bd5 30. Nxd5 Qxd5 31. Qxd5 cxd5 1/2-1/2

[Event "MNE-ch 76th"]
[Site "Podgorica"]
[Date "2024.02.12"]
[Round "8"]
[White "Krstonijevic, Stjepan"]
[Black "Milovic, Ilija"]
[Result "1/2-1/2"]
[WhiteElo "2108"]
[BlackElo "1877"]
[PlyCount "62"]
[EventDate "2024.02.06"]
[EventType "swiss"]
[EventRounds "11"]
[EventCountry "MNE"]
[SourceTitle "CBM 218 Extra"]
[Source "ChessBase"]
[SourceDate "2024.03.31"]
[SourceVersion "1"]
[SourceVersionDate "2024.03.31"]
[SourceQuality "1"]

1. c4 Nf6 2. Nc3 e6 3. Nf3 d5 4. d4 Be7 5. Bf4 0-0 6. e3 b6 7. Bd3 Bb7 8. cxd5 Nxd5 9. Nxd5 Bxd5 10. Qc2 Bb4+ 11. Ke2 Bd6 12. Bxh7+ Kh8 13. Bxd6 cxd6 14. Be4 Bxe4 15. Qxe4 d5 16. Qe5 Nd7 17. Qd6 Qc8 18. Rhc1 Qa6+ 19. Ke1 Nf6 20. Qb4 Rfc8 21. a4 Rxc1+ 22. Rxc1 Rc8 23. Rxc8+ Qxc8 24. Nd2 Qc1+ 25. Ke2 Kg8 26. g3 Ne4 27. Nxe4 dxe4 28. Qc3 Qh1 29. h4 Qf3+ 30. Ke1 Qh1+ 31. Ke2 Qf3+ 1/2-1/2

[Event "MNE-ch 76th"]
[Site "Podgorica"]
[Date "2024.02.07"]
[Round "2"]
[White "Nenezic, Danilo"]
[Black "Milovic, Ilija"]
[Result "1-0"]
[WhiteElo "2086"]
[BlackElo "1877"]
[PlyCount "67"]
[EventDate "2024.02.06"]
[EventType "swiss"]
[EventRounds "11"]
[EventCountry "MNE"]
[SourceTitle "CBM 218 Extra"]
[Source "ChessBase"]
[SourceDate "2024.03.31"]
[SourceVersion "1"]
[SourceVersionDate "2024.03.31"]
[SourceQuality "1"]

1. e4 e6 2. d3 d5 3. Nd2 c5 4. g3 Nc6 5. Bg2 Nf6 6. Ngf3 Be7 7. 0-0 0-0 8. Re1 Qc7 9. c3 b5 10. Nf1 Bb7 11. e5 Nd7 12. Bf4 Rfc8 13. h4 a5 14. h5 h6 15. N1h2 Qd8 16. Ng4 Bf8 17. Bf1 a4 18. Qd2 a3 19. b3 d4 20. c4 Nb4 21. Nfh2 bxc4 22. bxc4 Bc6 23. Bg2 Bxg2 24. Kxg2 Qa5 25. Qe2 Rcb8 26. Nxh6+ gxh6 27. Ng4 Bg7 28. Rh1 Qc7 29. Bxh6 Bxh6 30. Nxh6+ Kg7 31. Ng4 Rh8 32. Rae1 Nc6 33. Qe4 Ne7 34. h6+ 1-0

[Event "Wch U14"]
[Site "Montesilvano"]
[Date "2023.11.14"]
[Round "2"]
[White "Katsanis, Vasileios Dimitrios"]
[Black "Milovic, Ilija"]
[Result "1-0"]
[WhiteElo "2173"]
[BlackElo "1908"]
[PlyCount "77"]
[EventDate "2023.11.13"]
[EventType "swiss"]
[EventRounds "11"]
[EventCountry "ITA"]
[SourceTitle "CBM 217 Extra"]
[Source "ChessBase"]
[SourceDate "2024.01.31"]
[SourceVersion "1"]
[SourceVersionDate "2024.01.31"]
[SourceQuality "1"]

1. d4 d5 2. c4 e6 3. cxd5 exd5 4. Nc3 c6 5. Qc2 Bd6 6. Nf3 h6 7. g3 Nf6 8. Bf4 0-0 9. Bxd6 Qxd6 10. Bg2 Re8 11. 0-0 Ne4 12. Ne5 Bf5 13. Nxe4 dxe4 14. Rfd1 Nd7 15. Nc4 Qe6 16. Ne3 Bh3 17. d5 cxd5 18. Rxd5 Bxg2 19. Kxg2 Nf6 20. Rd4 Rac8 21. Qb3 Qxb3 22. axb3 a6 23. Rad1 Re6 24. Rb4 b5 25. g4 Rc5 26. h3 h5 27. Kg3 Rb6 28. Rbd4 hxg4 29. hxg4 g6 30. b4 Re5 31. Rd6 Re6 32. Rd8+ Kg7 33. g5 Nh5+ 34. Kg4 Rb7 35. Ra8 f5+ 36. Nxf5+ gxf5+ 37. Kxh5 e3 38. f3 Rc7 39. Rdd8 1-0

[Event "World ol U16"]
[Site "Eindhoven"]
[Date "2023.08.18"]
[Round "9.16"]
[White "Morkunas, Gustas"]
[Black "Milovic, Ilija"]
[Result "1-0"]
[WhiteElo "2074"]
[BlackElo "1915"]
[PlyCount "81"]
[EventDate "2023.08.13"]
[EventType "team-swiss"]
[EventRounds "9"]
[EventCountry "NED"]
[SourceTitle "CBM 215 Extra"]
[Source "ChessBase"]
[SourceDate "2023.09.30"]
[SourceVersion "1"]
[SourceVersionDate "2023.09.30"]
[SourceQuality "1"]
[WhiteTeam "Lithuania"]
[BlackTeam "Montenegro"]
[WhiteTeamCountry "LTU"]
[BlackTeamCountry "MNE"]

1. e4 e6 2. d4 d5 3. Nc3 Nf6 4. e5 Nfd7 5. f4 c5 6. Nf3 Nc6 7. Be3 Be7 8. Qd2 0-0 9. Be2 b6 10. 0-0 f5 11. exf6 Nxf6 12. Kh1 Bd6 13. Ne5 Bb7 14. Bf3 cxd4 15. Bxd4 Nxd4 16. Qxd4 Bxe5 17. Qxe5 Qd7 18. Rad1 Qf7 19. Rfe1 Rae8 20. Nb5 Qe7 21. Nd6 Nd7 22. Qxe6+ Qxe6 23. Rxe6 Rxe6 24. Nxb7 Nf6 25. Kg1 Rb8 26. Rxd5 Nxd5 27. Bxd5 Kf8 28. Bxe6 Rxb7 29. Bd5 Rc7 30. c3 Rd7 31. c4 Ke7 32. Kf2 Kd6 33. Ke3 Kc5 34. f5 a5 35. g4 h6 36. h4 b5 37. b3 a4 38. Be6 Rd1 39. cxb5 Kxb5 40. bxa4+ Kxa4 41. Bb3+ 1-0

[Event "World ol U16"]
[Site "Eindhoven"]
[Date "2023.08.17"]
[Round "8.22"]
[White "Milovic, Ilija"]
[Black "La Fleur, Juninho"]
[Result "0-1"]
[WhiteElo "1915"]
[BlackElo "1444"]
[PlyCount "46"]
[EventDate "2023.08.13"]
[EventType "team-swiss"]
[EventRounds "9"]
[EventCountry "NED"]
[SourceTitle "CBM 215 Extra"]
[Source "ChessBase"]
[SourceDate "2023.09.30"]
[SourceVersion "1"]
[SourceVersionDate "2023.09.30"]
[SourceQuality "1"]
[WhiteTeam "Montenegro"]
[BlackTeam "Trinidad and Tobago"]
[WhiteTeamCountry "MNE"]
[BlackTeamCountry "TRI"]

1. d4 d5 2. c4 c6 3. cxd5 cxd5 4. Bf4 Nf6 5. Nc3 Nc6 6. e3 a6 7. Bd3 g6 8. h3 Bg7 9. Nf3 0-0 10. 0-0 Re8 11. Rc1 Nh5 12. Bh2 e5 13. dxe5 Nxe5 14. Nxe5 Bxe5 15. Bxe5 Rxe5 16. Qb3 Qh4 17. Nxd5 Bxh3 18. Nf4 Nxf4 19. exf4 Bxg2 20. f3 Qg3 21. Rf2 Bh3+ 22. Kh1 Qxf2 23. fxe5 Qg2# 0-1

[Event "World ol U16"]
[Site "Eindhoven"]
[Date "2023.08.14"]
[Round "2.27"]
[White "Milovic, Ilija"]
[Black "Zangrilli, Leonardo"]
[Result "1-0"]
[WhiteElo "1915"]
[BlackElo "1361"]
[PlyCount "78"]
[EventDate "2023.08.13"]
[EventType "team-swiss"]
[EventRounds "9"]
[EventCountry "NED"]
[SourceTitle "CBM 215 Extra"]
[Source "ChessBase"]
[SourceDate "2023.09.30"]
[SourceVersion "1"]
[SourceVersionDate "2023.09.30"]
[SourceQuality "1"]
[WhiteTeam "Montenegro"]
[BlackTeam "Malta"]
[WhiteTeamCountry "MNE"]
[BlackTeamCountry "MLT"]

1. d4 Nf6 2. c4 d6 3. Nc3 g6 4. e4 Bg7 5. h3 0-0 6. Be3 e5 7. d5 Bd7 8. g4 Qe7 9. Nge2 a6 10. Ng3 c6 11. Be2 cxd5 12. cxd5 b5 13. a3 Ne8 14. Qd2 f5 15. gxf5 gxf5 16. exf5 Bxf5 17. Nxf5 Rxf5 18. Bd3 e4 19. Nxe4 Re5 20. Nc3 Bh6 21. Rg1+ Kh8 22. Rg3 Nf6 23. 0-0-0 Bxe3 24. Rxe3 Nbd7 25. Rde1 Rc8 26. Kb1 Nb6 27. Rxe5 dxe5 28. f4 Nfxd5 29. Nxd5 Nxd5 30. Rxe5 Qf7 31. Bf5 Rd8 32. Qd4 Qf6 33. Be4 Nc7 34. Qc5 Ne6 35. Qc3 Rd1+ 36. Ka2 Kg8 37. Bd5 Kf7 38. Bxe6+ Qxe6+ 39. Rxe6 Kxe6 1-0

[Event "World ol U16"]
[Site "Eindhoven"]
[Date "2023.08.13"]
[Round "1.11"]
[White "Balint, Peter1"]
[Black "Milovic, Ilija"]
[Result "1-0"]
[WhiteElo "2176"]
[BlackElo "1915"]
[PlyCount "67"]
[EventDate "2023.08.13"]
[EventType "team-swiss"]
[EventRounds "9"]
[EventCountry "NED"]
[SourceTitle "CBM 215 Extra"]
[Source "ChessBase"]
[SourceDate "2023.09.30"]
[SourceVersion "1"]
[SourceVersionDate "2023.09.30"]
[SourceQuality "1"]
[WhiteTeam "Austria"]
[BlackTeam "Montenegro"]
[WhiteTeamCountry "AUT"]
[BlackTeamCountry "MNE"]

1. e4 e6 2. d4 d5 3. Nc3 Nf6 4. e5 Nfd7 5. f4 c5 6. Nf3 Nc6 7. Be3 Qb6 8. Na4 Qa5+ 9. c3 cxd4 10. b4 Qd8 11. Nxd4 Nxd4 12. Bxd4 Be7 13. Bd3 0-0 14. 0-0 f5 15. Qf3 Qe8 16. Nb2 Nb8 17. a3 Bd7 18. c4 dxc4 19. Bxc4 Bd8 20. Qb3 Nc6 21. Bc5 Bb6 22. Bxb6 axb6 23. Rfd1 b5 24. Bf1 Ne7 25. g3 Nd5 26. Bg2 Bc6 27. Rac1 Qg6 28. Rd4 h5 29. Nd3 h4 30. Nc5 Rad8 31. Rcd1 hxg3 32. hxg3 Nxf4 33. Rxd8 Nxg2 34. Nxe6 1-0

[Event "Podgorica Buducnost op"]
[Site "Podgorica"]
[Date "2021.11.20"]
[Round "2"]
[White "Milovic, Ilija"]
[Black "Janjusevic, Bozidar"]
[Result "1/2-1/2"]
[WhiteElo "1136"]
[BlackElo "1474"]
[PlyCount "95"]
[EventDate "2021.11.19"]
[EventType "swiss"]
[EventRounds "5"]
[EventCountry "MNE"]
[SourceTitle "CBM 205 Extra"]
[Source "ChessBase"]
[SourceDate "2022.01.31"]
[SourceVersion "1"]
[SourceVersionDate "2022.01.31"]
[SourceQuality "1"]

1. e4 c6 2. d4 d5 3. exd5 cxd5 4. Nf3 Nf6 5. Be2 Bg4 6. c3 Nbd7 7. 0-0 e6 8. Bf4 Ne4 9. Nbd2 Ndf6 10. Ne5 Bxe2 11. Qxe2 Nxd2 12. Bxd2 Bd6 13. Qb5+ Nd7 14. f4 Bxe5 15. fxe5 Qb6 16. Qxb6 Nxb6 17. b3 0-0 18. Rf3 Nc8 19. h4 h6 20. Raf1 Ne7 21. g4 Rac8 22. Bc1 b5 23. Ba3 Rc7 24. Bd6 Rb7 25. g5 hxg5 26. hxg5 g6 27. R1f2 Kg7 28. Rh2 Rg8 29. Rfh3 Kf8 30. b4 Ke8 31. Bxe7 Kxe7 32. Kf2 Rc8 33. Ke1 a5 34. a3 axb4 35. axb4 Ra8 36. Rd2 Ra1+ 37. Rd1 Rba7 38. Rhd3 R7a2 39. Rxa1 Rxa1+ 40. Rd1 Ra8 41. Kd2 Ra2+ 42. Kd3 Kd7 43. Rg1 Rf2 44. Ke3 Rh2 45. Kd3 Rh3+ 46. Kd2 Ke7 47. Kc2 Rf3 48. Kd2 1/2-1/2

[Event "Podgorica U2300 op"]
[Site "Podgorica"]
[Date "2021.04.18"]
[Round "4"]
[White "Milovic, Ilija"]
[Black "Mitrovic, Miroslav"]
[Result "0-1"]
[WhiteElo "1044"]
[BlackElo "1963"]
[PlyCount "96"]
[EventDate "2021.04.16"]
[EventType "swiss"]
[EventRounds "9"]
[EventCountry "MNE"]
[SourceTitle "EXT 2022"]
[Source "ChessBase"]
[SourceDate "2021.10.06"]
[SourceVersion "1"]
[SourceVersionDate "2021.10.06"]
[SourceQuality "1"]

1. e4 e6 2. d4 d5 3. e5 c5 4. c3 Nc6 5. Nf3 Bd7 6. Be2 Nge7 7. Bg5 Qb6 8. Qd2 cxd4 9. cxd4 Nf5 10. Be3 Rc8 11. Nc3 Na5 12. 0-0 Nc4 13. Bxc4 Rxc4 14. Rac1 Be7 15. b3 Rc7 16. Ne2 Bb4 17. Qb2 Rxc1 18. Rxc1 Qa5 19. Bd2 Bxd2 20. Qxd2 Qxd2 21. Nxd2 0-0 22. Nf3 Rc8 23. Rxc8+ Bxc8 24. Nf4 Bd7 25. a4 Ne7 26. Nd3 b6 27. Kf1 f6 28. Ke2 Bc8 29. Kd2 Ba6 30. b4 Bc4 31. Kc3 Kf7 32. Nd2 Bxd3 33. Kxd3 fxe5 34. dxe5 Nc6 35. f4 Nxb4+ 36. Ke3 Ke7 37. Nf3 Nc6 38. Nd4 Nxd4 39. Kxd4 h5 40. g3 a6 41. h3 g6 42. g4 hxg4 43. hxg4 Kd7 44. a5 bxa5 45. Kc5 Ke7 46. f5 gxf5 47. gxf5 exf5 48. Kxd5 a4 0-1

[Event "Nizami Ganjavi 880 years U17"]
[Site "Tornelo INT"]
[Date "2021.04.04"]
[Round "9.12"]
[White "Milovic, Ilija"]
[Black "Olano Feria, Leonal Isaac"]
[Result "0-1"]
[WhiteElo "1044"]
[BlackElo "1733"]
[PlyCount "38"]
[EventDate "2021.04.02"]
[EventType "team-swiss (blitz)"]
[EventRounds "9"]
[EventCountry "AZE"]
[SourceTitle "EXT 2023"]
[Source "ChessBase"]
[SourceDate "2022.10.05"]
[SourceVersion "1"]
[SourceVersionDate "2022.10.05"]
[SourceQuality "1"]
[WhiteTeam "Montenegro"]
[BlackTeam "Cuba Masters"]
[WhiteTeamCountry "MNE"]
[BlackTeamCountry "CUB"]

1. e4 c5 2. Be2 d6 3. f4 Nc6 4. Nf3 Nf6 5. Nc3 g6 6. 0-0 Bg7 7. d3 0-0 8. Qe1 Bd7 9. a4 a6 10. Nh4 Nd4 11. Qg3 Nxe2+ 12. Nxe2 b5 13. f5 Qa5 14. fxg6 fxg6 15. Nf4 Ng4 16. h3 Bd4+ 17. Kh1 Bf2 18. Rxf2 Qe1+ 19. Rf1 Qxf1# 0-1

[Event "Nizami Ganjavi 880 years U17"]
[Site "Tornelo INT"]
[Date "2021.04.02"]
[Round "2.12"]
[White "Medhus, Vitus Bondo"]
[Black "Milovic, Ilija"]
[Result "1-0"]
[WhiteElo "1856"]
[BlackElo "1044"]
[PlyCount "55"]
[EventDate "2021.04.02"]
[EventType "team-swiss (blitz)"]
[EventRounds "9"]
[EventCountry "AZE"]
[SourceTitle "EXT 2023"]
[Source "ChessBase"]
[SourceDate "2022.10.05"]
[SourceVersion "1"]
[SourceVersionDate "2022.10.05"]
[SourceQuality "1"]
[WhiteTeam "Denmark"]
[BlackTeam "Montenegro"]
[WhiteTeamCountry "DEN"]
[BlackTeamCountry "MNE"]

1. e4 d5 2. exd5 Nf6 3. Bb5+ Bd7 4. Be2 Nxd5 5. d4 e6 6. a3 Be7 7. c4 Nf6 8. Nf3 c5 9. 0-0 Nc6 10. d5 exd5 11. cxd5 Nd4 12. Nxd4 cxd4 13. Qxd4 Bc6 14. Nc3 Bxd5 15. Bb5+ Bc6 16. Bxc6+ bxc6 17. Qc4 Qb6 18. Re1 Qc7 19. Bf4 Qb7 20. Bd6 Ng8 21. Ne4 Kf8 22. Ng5 Bxd6 23. Rad1 g6 24. Qd4 Bxh2+ 25. Kxh2 f6 26. Ne6+ Kf7 27. Nd8+ Rxd8 28. Qxd8 1-0

[Event "Balkan-ch U12"]
[Site "Tornelo INT"]
[Date "2020.11.01"]
[Round "7"]
[White "Milovic, Ilija"]
[Black "Markov, Daniel"]
[Result "0-1"]
[WhiteElo "1044"]
[BlackElo "1195"]
[PlyCount "96"]
[EventDate "2020.10.31"]
[EventType "swiss"]
[EventRounds "7"]
[EventCountry "NET"]
[SourceTitle "EXT 2023"]
[Source "ChessBase"]
[SourceDate "2022.10.05"]
[SourceVersion "1"]
[SourceVersionDate "2022.10.05"]
[SourceQuality "1"]

1. e4 c5 2. Be2 d6 3. f4 Nc6 4. Nf3 a6 5. 0-0 b5 6. a3 Bb7 7. Nc3 Qc7 8. d3 e6 9. Be3 Nf6 10. Qe1 Be7 11. Qg3 0-0 12. f5 exf5 13. exf5 Rac8 14. Nd2 d5 15. Bf4 Qd7 16. Bh6 Ne8 17. Bxg7 Nxg7 18. f6 Bxf6 19. Rxf6 Nd4 20. h4 b4 21. h5 bxc3 22. Bg4 Nde6 23. h6 cxd2 24. hxg7 Rfe8 25. Bh5 Re7 26. Rd1 Nd4 27. Rxd2 Nf5 28. Qg4 Ne3 29. Qxd7 Rxd7 30. Re2 Re8 31. b4 Kxg7 32. Rf3 d4 33. Rg3+ Kf8 34. bxc5 Rd5 35. Bf3 Rf5 36. Bxb7 Rf1+ 37. Kh2 Ng4+ 38. Rxg4 Rxe2 39. Re4 Rxe4 40. dxe4 Rc1 41. c6 Rxc2 42. Bxa6 Rxc6 43. Bb5 Rc3 44. a4 d3 45. a5 d2 46. Ba4 Rc1 47. Bd1 Rxd1 48. a6 Ra1 0-1

[Event "EU-ch Online U12"]
[Site "Tornelo INT"]
[Date "2020.09.20"]
[Round "7"]
[White "Borzan, Matej"]
[Black "Milovic, Ilija"]
[Result "1-0"]
[WhiteElo "1480"]
[BlackElo "1044"]
[PlyCount "55"]
[EventDate "2020.09.18"]
[EventType "swiss (rapid)"]
[EventRounds "9"]
[EventCountry "ENG"]
[SourceTitle "EXT 2023"]
[Source "ChessBase"]
[SourceDate "2022.10.05"]
[SourceVersion "1"]
[SourceVersionDate "2022.10.05"]
[SourceQuality "1"]
[WhiteTeam "Croatia"]
[BlackTeam "Montenegro"]
[WhiteTeamCountry "CRO"]
[BlackTeamCountry "MNE"]

1. d4 d5 2. c4 e6 3. Nc3 Nf6 4. Bg5 Nbd7 5. Nf3 Be7 6. e3 0-0 7. cxd5 exd5 8. Bd3 h6 9. Bh4 b6 10. 0-0 Bb7 11. a3 c5 12. dxc5 Nxc5 13. Bc2 Nce4 14. Nxe4 Nxe4 15. Bxe7 Qxe7 16. Qe2 Rac8 17. Rfd1 Rfd8 18. Rac1 Qf6 19. Bb3 Rxc1 20. Rxc1 Nc5 21. Ba2 Kh7 22. b4 Ne6 23. h3 Ng5 24. Nd4 Ne6 25. Qd3+ Qg6 26. Qd1 Nxd4 27. Qxd4 Qe4 28. Bb1 1-0

[Event "EU-ch Online U12"]
[Site "Tornelo INT"]
[Date "2020.09.19"]
[Round "4"]
[White "Fizer, Marek"]
[Black "Milovic, Ilija"]
[Result "1-0"]
[WhiteElo "1464"]
[BlackElo "1044"]
[PlyCount "59"]
[EventDate "2020.09.18"]
[EventType "swiss (rapid)"]
[EventRounds "9"]
[EventCountry "ENG"]
[SourceTitle "EXT 2023"]
[Source "ChessBase"]
[SourceDate "2022.10.05"]
[SourceVersion "1"]
[SourceVersionDate "2022.10.05"]
[SourceQuality "1"]
[WhiteTeam "Czech Republic"]
[BlackTeam "Montenegro"]
[WhiteTeamCountry "CZE"]
[BlackTeamCountry "MNE"]

1. e4 d5 2. exd5 Nf6 3. d4 Nxd5 4. Nf3 Bg4 5. Be2 e6 6. 0-0 Bd6 7. c4 Nf6 8. c5 Be7 9. Qb3 b6 10. Be3 0-0 11. h3 Bh5 12. Nc3 bxc5 13. dxc5 Na6 14. Bxa6 Rb8 15. Qc2 Bxf3 16. gxf3 Nd5 17. Rad1 c6 18. Ne4 Qa5 19. Bc4 Nxe3 20. fxe3 Bxc5 21. Rd3 Rfd8 22. Rfd1 Rxd3 23. Qxd3 Rxb2 24. Qd8+ Qxd8 25. Rxd8+ Bf8 26. Nc5 h6 27. Nd7 Rd2 28. Nf6+ gxf6 29. Rxd2 Bc5 30. Kf2 1-0

[Event "EU-ch Online U12"]
[Site "Tornelo INT"]
[Date "2020.09.18"]
[Round "3"]
[White "Milovic, Ilija"]
[Black "Ioannou, Constantinos"]
[Result "1-0"]
[WhiteElo "1044"]
[BlackElo "1337"]
[PlyCount "149"]
[EventDate "2020.09.18"]
[EventType "swiss (rapid)"]
[EventRounds "9"]
[EventCountry "ENG"]
[SourceTitle "EXT 2023"]
[Source "ChessBase"]
[SourceDate "2022.10.05"]
[SourceVersion "1"]
[SourceVersionDate "2022.10.05"]
[SourceQuality "1"]
[WhiteTeam "Montenegro"]
[BlackTeam "Zypern"]
[WhiteTeamCountry "MNE"]
[BlackTeamCountry "CYP"]

1. e4 e6 2. d4 d5 3. exd5 exd5 4. Nf3 Bd6 5. Nc3 Ne7 6. Bg5 f6 7. Bh4 0-0 8. Bd3 Re8 9. 0-0 Nbc6 10. Nb5 a6 11. Nxd6 Qxd6 12. Bg3 Qd8 13. Re1 Bg4 14. c3 Nf5 15. Bxf5 Bxf5 16. Rxe8+ Qxe8 17. Bxc7 Be4 18. Nh4 Qd7 19. Bg3 g5 20. Nf3 Qg4 21. h3 Qd7 22. Nd2 Bf5 23. Qh5 Bg6 24. Qf3 Rf8 25. Nb3 b6 26. a4 a5 27. Re1 Be4 28. Qd1 Qf5 29. Nd2 Bc2 30. Qe2 Bd3 31. Qe6+ Qxe6 32. Rxe6 Nd8 33. Rxb6 f5 34. Be5 Nf7 35. Rf6 Re8 36. f4 Rc8 37. fxg5 Nxe5 38. dxe5 Re8 39. Nf3 Be4 40. e6 Bc2 41. Nd4 Bxa4 42. Rxf5 Bd1 43. g4 Kg7 44. b3 a4 45. bxa4 Bxa4 46. Kf2 Kg6 47. Ke3 h5 48. Rf6+ Kxg5 49. Rf5+ Kh6 50. Rxh5+ Kg6 51. Rf5 Rh8 52. Rxd5 Rxh3+ 53. Ke4 Rxc3 54. e7 Rc1 55. Ke5 Kf7 56. Kd6 Re1 57. Nf5 Re6+ 58. Kc7 Bc2 59. Kd8 Be4 60. Nd6+ Kf6 61. Nxe4+ Rxe4 62. e8Q Rxe8+ 63. Kxe8 Ke6 64. Rh5 Kf6 65. Ra5 Kg6 66. g5 Kh5 67. Kf7 Kh4 68. g6 Kg4 69. g7 Kf4 70. g8Q Ke4 71. Qg4+ Kd3 72. Ra3+ Kc2 73. Qe2+ Kb1 74. Rh3 Ka1 75. Rh1# 1-0